书目信息 |
| 题名: |
林业企业劳动计划的编制与检查
|
|
| 作者: | 黄玉明 著 | |
| 分册: | ||
| 出版信息: | 北京 中国林业出版社 1982 |
|
| 页数: | 93页 | |
| 开本: | 19cm | |
| 丛书名: | ||
| 单 册: | ||
| 中图分类: | F307.26 | |
| 科图分类: | ||
| 主题词: | 林业企业-劳动计划--编制 , 劳动计划-林业企业--编制 , 林业企业-劳动计划--检查 , 劳动计划-林业企业--检查 | |
| 电子资源: | ||
| ISBN: | 4046.1015 | |
| 000 | 00791nam0 2200265 450 | |
| 001 | 0182008609 | |
| 005 | 20100712220313.0 | |
| 010 | @a4046.1015@dCNY0.34 | |
| 091 | @a4046.1015 | |
| 100 | @a19950608d1982 em y0chiy0110 ea | |
| 101 | 0 | @achi |
| 102 | @aCN@b110000 | |
| 105 | @ay z 000yy | |
| 106 | @ar | |
| 200 | 1 | @a林业企业劳动计划的编制与检查@9Lin Ye Qi Ye Lao Dong Ji Hua;Huai De;Di Bian Zhi Yu Jian Cha;Zha @f黄玉明著 |
| 210 | @a北京@c中国林业出版社@d1982 | |
| 215 | @a93页@d19cm | |
| 606 | 0 | @a林业企业-劳动计划@x编制 |
| 606 | 0 | @a劳动计划-林业企业@x编制 |
| 606 | 0 | @a林业企业-劳动计划@x检查 |
| 606 | 0 | @a劳动计划-林业企业@x检查 |
| 690 | @aF307.26@v3 | |
| 701 | 0 | @a黄玉明@9huang yu ming@4著 |
| 801 | 0 | @aCN@bAzMarc@c20130904 |
| 905 | @aBZT@dF307.26@e4@f1@sF307.26/4 | |
| 林业企业劳动计划的编制与检查/黄玉明著.-北京:中国林业出版社,1982 |
| 93页;19cm |
| ISBN 4046.1015:CNY0.34 |
| ● |
| 相关链接 |
|
|
|
正题名:林业企业劳动计划的编制与检查
索取号:F307.26/4
 
预约/预借
| 序号 | 登录号 | 条形码 | 馆藏地/架位号 | 状态 | 备注 |
| 1 | 2000071844 | 2000071844 | 旧书回溯/ [索取号:F307.26/4] | 在馆 |